[Event "CZE-ch Amateur"]
[Site "Hluk"]
[Date "2023.05.06"]
[Round "1"]
[White "Vojta, Jakub"]
[Black "Habada, Jindrich"]
[Result "1-0"]
[WhiteElo "2286"]
[BlackElo "1741"]
[PlyCount "63"]
[EventDate "2023.05.06"]
[EventType "swiss"]
[EventRounds "9"]
[EventCountry "CZE"]
[SourceTitle "CBM 214 Extra"]
[Source "ChessBase"]
[SourceDate "2023.07.31"]
[SourceVersion "1"]
[SourceVersionDate "2023.07.31"]
[SourceQuality "1"]

1. c4 c5 2. Nc3 Nf6 3. g3 d6 4. Bg2 g6 5. d3 Bg7 6. e4 Nc6 7. Nge2 0-0 8. 0-0 Rb8 9. h3 a6 10. a4 Bd7 11. Be3 e6 12. f4 Qc7 13. Rc1 Nb4 14. g4 b5 15. axb5 axb5 16. cxb5 Bxb5 17. Nxb5 Rxb5 18. d4 Qe7 19. dxc5 dxc5 20. Qa4 Rfb8 21. Nc3 R5b7 22. e5 Nfd5 23. Nxd5 Nxd5 24. Bxc5 Qd8 25. b4 Bf8 26. Qd1 Rd7 27. Qf3 Nxb4 28. Bxf8 Qxf8 29. f5 Nd3 30. fxe6 fxe6 31. Qe3 Qd8 32. Rc6 1-0

[Event "Trebic Highlands op 12th"]
[Site "Trebic"]
[Date "2018.09.28"]
[Round "8"]
[White "Habada, Jindrich"]
[Black "Novak, Pavel1111"]
[Result "1-0"]
[WhiteElo "1761"]
[BlackElo "1479"]
[PlyCount "79"]
[EventDate "2018.09.22"]
[EventType "swiss"]
[EventRounds "9"]
[EventCountry "CZE"]
[SourceTitle "CBM 186 Extra"]
[Source "ChessBase"]
[SourceDate "2018.08.24"]
[SourceVersion "1"]
[SourceVersionDate "2018.08.24"]
[SourceQuality "1"]

1. c4 e5 2. Nc3 Nc6 3. e4 Nf6 4. d3 g6 5. g3 Bg7 6. Bg2 d6 7. h3 0-0 8. Nge2 h6 9. 0-0 Be6 10. Be3 Qc8 11. Kh2 a6 12. f4 exf4 13. Nxf4 Re8 14. Qd2 Kh7 15. Rae1 Ne5 16. b3 c5 17. Nfd5 Bxd5 18. exd5 Rb8 19. Rf2 Neg4+ 20. hxg4 Nxg4+ 21. Kg1 Nxf2 22. Bxf2 Rxe1+ 23. Qxe1 Qe8 24. Ne4 Be5 25. Qa5 Qd8 26. Qd2 f5 27. Nc3 Qe7 28. Ne2 Re8 29. d4 cxd4 30. Nxd4 Bxd4 31. Qxd4 Qe5 32. b4 Qxd4 33. Bxd4 Re2 34. c5 dxc5 35. bxc5 Rd2 36. Be5 Kg8 37. d6 Kf7 38. Bxb7 Ke6 39. c6 Rc2 40. d7 1-0

[Event "Wch Seniors 50 26th"]
[Site "Marianske Lazne"]
[Date "2016.11.20"]
[Round "2"]
[White "Habada, Jindrich"]
[Black "Tiedt, Gunter"]
[Result "0-1"]
[WhiteElo "1799"]
[BlackElo "2020"]
[PlyCount "80"]
[EventDate "2016.11.19"]
[EventType "swiss"]
[EventRounds "11"]
[EventCountry "CZE"]
[SourceTitle "CBM 175 Extra"]
[Source "ChessBase"]
[SourceDate "2016.12.12"]
[SourceVersion "1"]
[SourceVersionDate "2016.12.12"]
[SourceQuality "1"]

1. b3 e5 2. Bb2 Nc6 3. e3 Nf6 4. Nf3 d6 5. Bb5 a6 6. Bxc6+ bxc6 7. d4 e4 8. Nfd2 d5 9. c4 Be7 10. Nc3 0-0 11. Qc1 Ng4 12. h3 Nh6 13. Ba3 Be6 14. Na4 Nf5 15. cxd5 cxd5 16. Bxe7 Qxe7 17. Qc5 Qg5 18. Ke2 Ne7 19. Nxe4 Qh4 20. Nd2 f5 21. Nf3 Qf6 22. Rac1 Ng6 23. g3 Rae8 24. Ne5 f4 25. gxf4 Nxf4+ 26. exf4 Qxf4 27. f3 Bf7 28. Rc3 Kh8 29. Re3 Bh5 30. Qxd5 Qg3 31. Kd3 c6 32. Qxc6 Rc8 33. Qd5 Qg2 34. Nc4 Qxh1 35. Nc5 Bxf3 36. Qd7 Bc6 37. Qe6 Qf1+ 38. Kc3 a5 39. Re1 Qf4 40. Kb2 Rce8 0-1

[Event "Ostrava Konik op-B"]
[Site "Ostrava"]
[Date "2012.05.01"]
[Round "4"]
[White "Habada, Jindrich"]
[Black "Hradsky, Ales"]
[Result "1-0"]
[WhiteElo "1905"]
[BlackElo "1830"]
[PlyCount "43"]
[EventDate "2012.04.28"]
[EventType "swiss"]
[EventRounds "9"]
[EventCountry "CZE"]
[SourceTitle "CBM 148 Extra"]
[Source "ChessBase"]
[SourceDate "2012.06.22"]
[SourceVersion "1"]
[SourceVersionDate "2012.06.22"]
[SourceQuality "1"]

1. e4 e6 2. d4 d5 3. Nd2 dxe4 4. Nxe4 Nf6 5. Nxf6+ Qxf6 6. Nf3 Nd7 7. Bd3 h6 8. 0-0 Be7 9. Re1 0-0 10. Qe2 Re8 11. Qe4 Nf8 12. Ne5 Bd6 13. Re3 Bxe5 14. dxe5 Qg6 15. Qf3 f5 16. exf6 Qxf6 17. Qxf6 gxf6 18. Rg3+ Kf7 19. Bxh6 Ke7 20. Rg7+ Kd6 21. Rd1 Kc6 22. a4 1-0

[Event "Ostrava Konik op-A"]
[Site "Ostrava"]
[Date "2011.05.06"]
[Round "7"]
[White "Habada, Jindrich"]
[Black "Petrov, Nikolaj"]
[Result "1-0"]
[WhiteElo "1907"]
[BlackElo "1937"]
[PlyCount "77"]
[EventDate "2011.04.30"]
[EventType "swiss"]
[EventRounds "9"]
[EventCountry "CZE"]
[SourceTitle "CBM 142 Extra"]
[Source "ChessBase"]
[SourceDate "2011.06.27"]
[SourceVersion "1"]
[SourceVersionDate "2011.06.27"]
[SourceQuality "1"]

1. e4 c6 2. d4 d5 3. e5 Bf5 4. Ne2 e6 5. Ng3 Bg6 6. h4 h6 7. h5 Bh7 8. Bd3 Bxd3 9. Qxd3 Qb6 10. 0-0 c5 11. c3 Nc6 12. Rd1 Be7 13. b3 Bh4 14. Ba3 cxd4 15. cxd4 Nge7 16. Bc5 Qc7 17. Ne2 Nxe5 18. Qh3 Nf5 19. g4 Ne7 20. f4 Nd7 21. Qxh4 Nxc5 22. Rc1 b6 23. b4 Qd7 24. bxc5 Nc6 25. Nd2 Nb4 26. a3 Qb5 27. axb4 Qxe2 28. Rd1 bxc5 29. bxc5 0-0 30. Qg3 f5 31. Qf3 Qxf3 32. Nxf3 fxg4 33. Ne5 Rxf4 34. Ra6 Rf5 35. c6 Rxh5 36. c7 Rh3 37. Rxa7 Rf8 38. Rc1 Rc8 39. Rb7 1-0

[Event "Ostrava op"]
[Site "Ostrava"]
[Date "2009.05.05"]
[Round "4"]
[White "Habada, Jindrich"]
[Black "Stehlik, Jiri"]
[Result "1/2-1/2"]
[WhiteElo "1910"]
[BlackElo "2065"]
[PlyCount "39"]
[EventDate "2009.05.02"]
[EventType "swiss"]
[EventRounds "9"]
[EventCountry "CZE"]
[SourceTitle "EXT 2011"]
[Source "ChessBase"]
[SourceDate "2010.11.26"]
[SourceVersion "1"]
[SourceVersionDate "2010.11.26"]
[SourceQuality "1"]

1. e4 c5 2. Nf3 Nc6 3. Bb5 g6 4. 0-0 Bg7 5. Bxc6 bxc6 6. d3 d6 7. Re1 e5 8. Nc3 Ne7 9. a3 Rb8 10. b4 cxb4 11. axb4 Rxb4 12. Rxa7 Rb6 13. Be3 Ra6 14. Rxa6 Bxa6 15. Qa1 Bc8 16. Rb1 Qc7 17. Nd2 Be6 18. Qa6 Bc8 19. Qa4 Be6 20. Qa6 1/2-1/2

[Event "Czechia KP-chTA 0607"]
[Site "Czech Republic"]
[Date "2007.01.07"]
[Round "5.6"]
[White "Habada, Jindrich"]
[Black "Saxl, Jiri"]
[Result "0-1"]
[WhiteElo "1903"]
[BlackElo "1852"]
[PlyCount "84"]
[EventDate "2006.10.29"]
[EventType "team"]
[EventRounds "11"]
[EventCountry "CZE"]
[SourceTitle "EXT 2008"]
[Source "ChessBase"]
[SourceDate "2007.11.25"]
[SourceVersion "1"]
[SourceVersionDate "2007.11.25"]
[SourceQuality "1"]
[WhiteTeam "Kladno"]
[BlackTeam "Pribram II"]
[WhiteTeamCountry "CZE"]
[BlackTeamCountry "CZE"]

1. e4 c5 2. Nc3 Nc6 3. Nge2 Nf6 4. g3 e6 5. Bg2 Be7 6. d4 cxd4 7. Nxd4 0-0 8. 0-0 Qb6 9. Nb3 a6 10. Be3 Qc7 11. a4 d6 12. f4 Bd7 13. h3 Rac8 14. a5 Nb4 15. Rf2 Bc6 16. Bb6 Qb8 17. Qd4 d5 18. Bc5 Nxc2 19. Rxc2 Bxc5 20. Nxc5 dxe4 21. N5xe4 Nh5 22. Kh2 Rcd8 23. Qe3 e5 24. f5 Rd4 25. Qg5 g6 26. Bf3 f6 27. Qe3 Ng7 28. fxg6 hxg6 29. Qh6 Qe8 30. Re1 Nf5 31. Qc1 Rd3 32. Rf2 Qe7 33. Rd1 Rfd8 34. Rxd3 Rxd3 35. Qc2 Rd4 36. Rd2 Ne3 37. Qb3+ Kg7 38. Ne2 Nf1+ 39. Kg2 Nxd2 40. Nxd2 Rxd2 41. Bxc6 bxc6 42. Qc4 Qb7 0-1